2018 Steelers - Statistics

General Stats
  • This quiz has been taken 62 times
  • The average score is 27 of 57
Answer Stats
Pos. # Player % Correct
QB 7 Ben Roethlisberger
98%
WR 84 Antonio Brown
95%
WR 19 JuJu Smith-Schuster
91%
HB 30 James Conner
84%
RB (Exempt) 26 Le'Veon Bell
84%
QB 2 Mason Rudolph
84%
OLB 90 T.J. Watt
84%
DE 97 Cam Heyward
78%
G 66 David DeCastro
75%
C 53 Maurkice Pouncey
73%
K 9 Chris Boswell
71%
TE 89 Vance McDonald
71%
QB 5 Joshua Dobbs
67%
OLB 48 Bud Dupree
65%
TE 81 Jesse James
65%
WR 13 James Washington
64%
CB 23 Joe Haden
64%
LB (IR) 50 Ryan Shazier
62%
WR 88 Darrius Heyward-Bey
58%
SS 34 Terrell Edmunds
58%
OT 78 Alejandro Villanueva
56%
FB 45 Roosevelt Nix
56%
DE 91 Stephon Tuitt
53%
ILB 98 Vince Williams
53%
HB 38 Jaylen Samuels
51%
WR 10 Ryan Switzer
49%
CB 25 Artie Burns
45%
FS 21 Sean Davis
45%
G 73 Ramon Foster
44%
TE 85 Xavier Grimble
44%
CB 20 Cameron Sutton
42%
CB 28 Mike Hilton
42%
WR (IR) 17 Eli Rogers
38%
P 4 Jordan Berry
36%
DE 94 Tyson Alualu
36%
OT 77 Marcus Gilbert
35%
OT/G 71 Matt Feiler
35%
DT 79 Javon Hargrave
33%
SS 37 Jordan Dangerfield
31%
FS 27 Marcus Allen
31%
CB 29 Brian Allen
29%
SS 42 Morgan Burnett
27%
OLB 56 Anthony Chickillo
25%
WR 11 Justin Hunter
25%
ILB 54 L.J. Fort
25%
HB 22 Stevan Ridley
25%
G/C 67 B.J. Finney
24%
ILB 51 Jon Bostic
24%
ILB 44 Tyler Matakevich
24%
DT 93 Daniel McCullers
22%
LS 57 Kam Canaday
18%
ILB 46 Matthew Thomas
18%
OT 72 Zach Banner
16%
CB 24 Coty Sensabaugh
15%
OT 76 Chukwuma Okorafor
13%
DE 96 L.T. Walton
9%
FS (IR) 31 Nat Berhe
7%
No matching quizzes found
Score Distribution
Percent of People with Each Score
Percentile by Number Answered
Your Score History
You have not taken this quiz